书目信息 |
| 题名: |
精神交往论
|
|
| 作者: | 陈力丹 著 | |
| 分册: | ||
| 出版信息: | 北京 中国人民大学出版社 2016 |
|
| 页数: | 17,470页 | |
| 开本: | 24cm | |
| 丛书名: | 新闻传播学文库 | |
| 单 册: | ||
| 中图分类: | A811.67 , G206 | |
| 科图分类: | ||
| 主题词: | 马克思主义--ma ke si zhu yi--传播学--理论研究 | |
| 电子资源: | ||
| ISBN: | 978-7-300-22735-1 | |
| 000 | 01037nam0 22002891 450 | |
| 001 | 0119171247 | |
| 005 | 20170620101606.32 | |
| 010 | @a978-7-300-22735-1@dCNY65.00 | |
| 100 | @a20160612d2016 em y0chiy50 ea | |
| 101 | 0 | @achi |
| 102 | @aCN@b110000 | |
| 105 | @ay z 000yy | |
| 106 | @ar | |
| 200 | 1 | @a精神交往论@9jing shen jiao wang lun@e马克思恩格斯的传播观@f陈力丹著 |
| 205 | @a2版@b修订版 | |
| 210 | @a北京@c中国人民大学出版社@d2016 | |
| 215 | @a17,470页@d24cm | |
| 225 | 2 | @a新闻传播学文库@9xin wen chuan bo xue wen ku |
| 330 | @a本书共分十六章,内容包括:历史唯物主义的精神交往观、从民族交往到世界交往、人的本质与精神交往、交往媒介——语言、交往媒介——文字和印刷术等。 | |
| 461 | 0 | @12001 @a新闻传播学文库 |
| 517 | 1 | @a马克思恩格斯的传播观@9ma ke si en ge si de chuan bo guan |
| 606 | 0 | @a马克思主义@9ma ke si zhu yi@x传播学@x理论研究 |
| 690 | @aA811.67@v5 | |
| 690 | @aG206@v5 | |
| 701 | 0 | @a陈力丹@9chen li dan@f(1951.2~)@4著 |
| 801 | 0 | @aCN@b百万庄@c20170616 |
| 905 | @b1011915-20@dA811.67@e269=2@f6 | |
| 精神交往论:马克思恩格斯的传播观/陈力丹著 .-2版,修订版.-北京:中国人民大学出版社,2016 |
| 17,470页;24cm.-(新闻传播学文库) |
| ISBN 978-7-300-22735-1:CNY65.00 |
| 本书共分十六章,内容包括:历史唯物主义的精神交往观、从民族交往到世界交往、人的本质与精神交往、交往媒介——语言、交往媒介——文字和印刷术等。 |
| ● |
| 相关链接 |
|
|
|
|
正题名:精神交往论
索取号:A811.67/269=2
 
预约/预借
| 序号 | 登录号 | 条形码 | 馆藏地/架位号 | 状态 | 备注 |
| 1 | 1011915 | 210119156 | 第一样本阅览室/ [索取号:A811.67/269=2] | 在馆 | |
| 2 | 1011916 | 210119165 | 教育系资料室/ [索取号:A811.67/269=2] | 在馆 | |
| 3 | 1011917 | 210119174 | 教育系资料室/ [索取号:A811.67/269=2] | 在馆 | |
| 4 | 1011918 | 210119183 | 教育系资料室/ [索取号:A811.67/269=2] | 在馆 | |
| 5 | 1011919 | 210119192 | 第一借阅区/ [索取号:A811.67/269=2] | 在馆 | |
| 6 | 1011920 | 210119209 | 第一借阅区/ [索取号:A811.67/269=2] | 在馆 |